<?xml version="1.0" encoding="UTF-8"?>
<record
    xmlns:xsi="http://www.w3.org/2001/XMLSchema-instance"
    xsi:schemaLocation="http://www.loc.gov/MARC21/slim http://www.loc.gov/standards/marcxml/schema/MARC21slim.xsd"
    xmlns="http://www.loc.gov/MARC21/slim">

  <leader>00349nam a22001337a 4500</leader>
  <controlfield tag="003">SGT</controlfield>
  <datafield tag="020" ind1=" " ind2=" ">
    <subfield code="a">978-93-84337-41-4</subfield>
  </datafield>
  <datafield tag="082" ind1=" " ind2=" ">
    <subfield code="a">581</subfield>
    <subfield code="b">SHA</subfield>
  </datafield>
  <datafield tag="100" ind1=" " ind2=" ">
    <subfield code="a">SHANKARASWAMY, J. </subfield>
  </datafield>
  <datafield tag="245" ind1=" " ind2=" ">
    <subfield code="a">COMPREHENSIVE POST HARVEST TECHNOLOGY OF FLOWERS, MEDICINAL AND AROMATIC PLANT </subfield>
  </datafield>
  <datafield tag="260" ind1=" " ind2=" ">
    <subfield code="a">JAIPUR</subfield>
    <subfield code="b">POINTER PUB. </subfield>
    <subfield code="c">2014</subfield>
  </datafield>
  <datafield tag="300" ind1=" " ind2=" ">
    <subfield code="a">176</subfield>
  </datafield>
  <datafield tag="942" ind1=" " ind2=" ">
    <subfield code="2">ddc</subfield>
    <subfield code="c">BK</subfield>
  </datafield>
  <datafield tag="952" ind1=" " ind2=" ">
    <subfield code="0">0</subfield>
    <subfield code="1">0</subfield>
    <subfield code="2">ddc</subfield>
    <subfield code="4">0</subfield>
    <subfield code="7">0</subfield>
    <subfield code="a">SSSL</subfield>
    <subfield code="b">SSSL</subfield>
    <subfield code="c">TXT</subfield>
    <subfield code="d">2019-11-16</subfield>
    <subfield code="e">BIO GREEN </subfield>
    <subfield code="g">1895.00</subfield>
    <subfield code="i">SGTU</subfield>
    <subfield code="l">2</subfield>
    <subfield code="o">581 SHA</subfield>
    <subfield code="p">AG1501</subfield>
    <subfield code="r">2021-08-14 00:00:00</subfield>
    <subfield code="s">2021-08-03</subfield>
    <subfield code="w">2019-09-19</subfield>
    <subfield code="y">BK</subfield>
    <subfield code="k">LB2234</subfield>
  </datafield>
  <datafield tag="952" ind1=" " ind2=" ">
    <subfield code="0">0</subfield>
    <subfield code="1">0</subfield>
    <subfield code="2">ddc</subfield>
    <subfield code="4">0</subfield>
    <subfield code="7">0</subfield>
    <subfield code="a">SSSL</subfield>
    <subfield code="b">SSSL</subfield>
    <subfield code="c">TXT</subfield>
    <subfield code="d">2019-11-16</subfield>
    <subfield code="e">BIO GREEN </subfield>
    <subfield code="g">1895.00</subfield>
    <subfield code="i">SGTU</subfield>
    <subfield code="l">3</subfield>
    <subfield code="o">581 SHA</subfield>
    <subfield code="p">AG1502</subfield>
    <subfield code="r">2021-03-17 00:00:00</subfield>
    <subfield code="s">2021-03-03</subfield>
    <subfield code="w">2019-09-19</subfield>
    <subfield code="y">BK</subfield>
    <subfield code="k">LB2234</subfield>
  </datafield>
  <datafield tag="952" ind1=" " ind2=" ">
    <subfield code="0">0</subfield>
    <subfield code="1">0</subfield>
    <subfield code="2">ddc</subfield>
    <subfield code="4">0</subfield>
    <subfield code="7">0</subfield>
    <subfield code="a">SSSL</subfield>
    <subfield code="b">SSSL</subfield>
    <subfield code="c">TXT</subfield>
    <subfield code="d">2019-11-16</subfield>
    <subfield code="e">BIO GREEN </subfield>
    <subfield code="g">1895.00</subfield>
    <subfield code="i">SGTU</subfield>
    <subfield code="l">2</subfield>
    <subfield code="o">581 SHA</subfield>
    <subfield code="p">AG1503</subfield>
    <subfield code="r">2021-08-02 00:00:00</subfield>
    <subfield code="s">2021-07-07</subfield>
    <subfield code="w">2019-09-19</subfield>
    <subfield code="y">BK</subfield>
    <subfield code="k">LB2234</subfield>
  </datafield>
  <datafield tag="952" ind1=" " ind2=" ">
    <subfield code="0">0</subfield>
    <subfield code="1">0</subfield>
    <subfield code="2">ddc</subfield>
    <subfield code="4">0</subfield>
    <subfield code="7">0</subfield>
    <subfield code="a">SSSL</subfield>
    <subfield code="b">SSSL</subfield>
    <subfield code="c">TXT</subfield>
    <subfield code="d">2019-11-16</subfield>
    <subfield code="e">BIO GREEN </subfield>
    <subfield code="g">1895.00</subfield>
    <subfield code="i">SGTU</subfield>
    <subfield code="l">1</subfield>
    <subfield code="o">581 SHA</subfield>
    <subfield code="p">AG1504</subfield>
    <subfield code="r">2021-03-26 00:00:00</subfield>
    <subfield code="s">2021-03-06</subfield>
    <subfield code="w">2019-09-19</subfield>
    <subfield code="y">BK</subfield>
    <subfield code="k">LB2234</subfield>
  </datafield>
  <datafield tag="952" ind1=" " ind2=" ">
    <subfield code="0">0</subfield>
    <subfield code="1">0</subfield>
    <subfield code="2">ddc</subfield>
    <subfield code="4">0</subfield>
    <subfield code="7">0</subfield>
    <subfield code="a">SSSL</subfield>
    <subfield code="b">SSSL</subfield>
    <subfield code="c">TXT</subfield>
    <subfield code="d">2019-11-16</subfield>
    <subfield code="e">BIO GREEN </subfield>
    <subfield code="g">1895.00</subfield>
    <subfield code="i">SGTU</subfield>
    <subfield code="l">0</subfield>
    <subfield code="o">581 SHA</subfield>
    <subfield code="p">AG1505</subfield>
    <subfield code="r">2019-11-16 00:00:00</subfield>
    <subfield code="w">2019-09-19</subfield>
    <subfield code="y">BK</subfield>
    <subfield code="k">LB2234</subfield>
  </datafield>
  <datafield tag="999" ind1=" " ind2=" ">
    <subfield code="c">19458</subfield>
    <subfield code="d">19458</subfield>
  </datafield>
</record>
